| 000 | 00607nam a2200217Ia 4500 | ||
|---|---|---|---|
| 005 | 20241129120254.0 | ||
| 008 | 241129s9999||||xx |||||||||||||| ||und|| | ||
| 020 | _a9789350027677 | ||
| 037 | _aTB | ||
| 040 |
_aSDCL _beng _cSDCL |
||
| 041 |
_aeng _2eng |
||
| 084 |
_aY15:(J) R2 _qSDCL |
||
| 100 |
_aMehta Jaya; Tiwari Vineet _9729561 |
||
| 245 | 0 | _aFrom the realm of necessity to the realm of freedom | |
| 260 |
_aDelhi _bAakar Books India _c2022 |
||
| 300 | _axxi,273p. | ||
| 365 |
_aINR _b695 |
||
| 650 | _aPolitical Science | ||
| 942 |
_cTB _hY15:(J) R2 |
||
| 999 |
_c1234102 _d1234102 |
||